La vida común en los conventos de monjas de la ciudad de Puebla (Record no. 95)

MARC details
000 -CABECERA
campo de control de longitud fija 00682nam a2200193 a 4500
001 - NÚMERO DE CONTROL
campo de control BRCA_110
005 - FECHA Y HORA DE LA ÚLTIMA TRANSACCIÓN
campo de control 20190320202901.0
008 - DATOS DE LONGITUD FIJA--INFORMACIÓN GENERAL
campo de control de longitud fija 920121s1990 mx-#---##b---s000-0#spa-#
040 ## - FUENTE DE LA CATALOGACIÓN
Centro catalogador/agencia de origen DLC
Centro/agencia transcriptor DLC
Centro/agencia modificador DLC
050 #4 - SIGNATURA TOPOGRÁFICA DE LA BIBLIOTECA DEL CONGRESO
Número de clasificación BX4220.M4
Número de documento/Ítem .S24 1990
100 1# - ENTRADA PRINCIPAL--NOMBRE DE PERSONA
Nombre de persona Salazar de Garza, Nuria
9 (RLIN) 428
245 10 - MENCIÓN DE TÍTULO
Título La vida común en los conventos de monjas de la ciudad de Puebla
Mención de responsabilidad, etc. Nuria Salazar de Garza.
260 ## - PUBLICACIÓN, DISTRIBUCIÓN, ETC.
Lugar de publicación, distribución, etc. Puebla
Nombre del editor, distribuidor, etc. Gobierno del Estado de Puebla : Secretaría de Cultura
Fecha de publicación, distribución, etc. 1990
300 ## - DESCRIPCIÓN FÍSICA
Extensión 156 p.
Dimensiones 21 cm.
440 #0 - MENCIÓN DE SERIE/PUNTO DE ACCESO ADICIONAL--TÍTULO
Título Bibliotheca angelopolitana
Designación de volumen o secuencia 5
9 (RLIN) 429
650 14 - PUNTO DE ACCESO ADICIONAL DE MATERIA--TÉRMINO DE MATERIA
Término de materia o nombre geográfico como elemento de entrada Ordenes religiosas de mujeres
Subdivisión geográfica México
9 (RLIN) 430
651 #4 - PUNTO DE ACCESO ADICIONAL DE MATERIA--NOMBRE GEOGRÁFICO
Nombre geográfico Puebla (México)
Subdivisión general Historia de la Iglesia
9 (RLIN) 431
942 ## - ELEMENTOS DE PUNTO DE ACCESO ADICIONAL (KOHA)
Fuente del sistema de clasificación o colocación Library of Congress Classification
Tipo de ítem Koha Libros
Holdings
Estado de retiro Estado de pérdida Estado dañado No para préstamo Localización permanente Ubicación/localización actual Fecha de adquisición Total de préstamos Signatura topográfica completa Código de barras Fecha visto por última vez Precio válido a partir de Tipo de ítem Koha
El ejemplar forma parte de la colección y puede ser consultado según las políticas vigentes.       Biblioteca del Museo Franz Mayer (Rogerio Casas-Alatriste) Biblioteca del Museo Franz Mayer (Rogerio Casas-Alatriste) 25/06/2008   BX4220.M4 .S24 1990 00104 22/03/2019 22/03/2019 Libros